Catálogo Biblioteca Central

La prohibición de partidos políticos en Alemania (Registro nro. 84815)

Detalles MARC
000 -CABECERA
campo de control de longitud fija 00945naa a2200241 i 4500
001 - NÚMERO DE CONTROL
campo de control 84815
003 - IDENTIFICADOR DEL NÚMERO DE CONTROL
campo de control ES-MaBCM
005 - FECHA Y HORA DE LA ÚLTIMA TRANSACCIÓN
campo de control 20241016125102.0
008 - CÓDIGOS DE INFORMACIÓN DE LONGITUD FIJA
campo de control de longitud fija 020610s2002 esp 000 0 spa d
021 ## -
-- xx
035 ## - NÚMERO DE CONTROL DEL SISTEMA
Número de control de sistema (OCoLC)1365246621
040 ## - FUENTE DE LA CATALOGACIÓN
Centro transcriptor ES-MaBCM
041 0# - CÓDIGO DE LENGUA
Código de lengua del texto/banda sonora o título independiente spa
043 ## - CÓDIGO DE ÁREA GEOGRÁFICA
Código de área geográfica esp
100 1# - PUNTO DE ACCESO PRINCIPAL - NOMBRE DE PERSONA
Nombre de persona Íñiguez Hernández, Diego
9 (RLIN) 23038
245 10 - MENCIÓN DE TÍTULO
Título La prohibición de partidos políticos en Alemania
Mención de responsabilidad etc. Diego Iñiguez, Sabine Friedel
520 ## - SUMARIO, ETC.
Sumario etc. Las demandas de inconstitucionalidad pendientes contra el NPD (Nationaldemokratische Partei Deutschlands). El contexto constitucional de la prohibición de partidos políticos en la República Federal. Antecedentes. El debate público...
650 27 - PUNTO DE ACCESO ADICIONAL DE MATERIA--TÉRMINO DE MATERIA
Término de materia o nombre geográfico como elemento inicial Partidos políticos
9 (RLIN) 59719
651 24 - PUNTO DE ACCESO ADICIONAL DE MATERIA--NOMBRE GEOGRÁFICO
Nombre geográfico Alemania
9 (RLIN) 115381
700 1# - PUNTO DE ACCESO ADICIONAL--NOMBRE DE PERSONA
Nombre de persona Friedel, Sabine
9 (RLIN) 16680
773 0# - ENLACE AL DOCUMENTO FUENTE
Encabezamiento principal En:
Título Claves de razón práctica
Lugar editor y fecha de publicación Madrid : 2002
Número de control del registro relacionado 104741
Parte(s) relacionada(s) n. 122, mayo, p. 30-40. - Loc. S.228
942 ## - ELEMENTOS DE PUNTO DE ACCESO ADICIONAL (KOHA)
Tipo de ítem Koha Artículos de revistas
Existencias
Estado de retiro Estado de pérdida Estado dañado No para préstamo Localización permanente Ubicación/localización actual Fecha de adquisición Precio válido a partir de Tipo de ítem Koha
        Biblioteca Central del Ministerio de la Presidencia Biblioteca Central del Ministerio de la Presidencia 21/04/2012 21/04/2012 Artículos de revistas